000 00704nam a22002057a 4500
005 20100819153035.0
010 _aENG-101001
020 _c80.00
035 _aEN-84534
037 _bDBAD/PUB
082 _a361.7
100 _aBalasubramanian ,D
_915280
245 _aSelf help groups /
_cby D Balasubramanian
260 _aKoradachery
_bAruma Pathippagam
_c2008
270 _a35, Gandhi Colony
_bKoradachery
_e613703
300 _aiii,128p
_c19cm(pbk)
500 _aincluds bibliographical references
942 _2ddc
_cEN
_h361.7
_mBAL
999 _c42589
_d42589